000 00537nam a2200181 4500
001 117174
003 ES-MaACL
005 20250809063515.0
007 t|
008 070301s1970 mx r ||||1| spa d
100 1 _aPaz, Octavio,
_d1914-1998
_989753
245 1 0 _aLibertad bajo palabra
_b: obra poética (1935-1957) /
_cOctavio Paz.
250 _a1ª reimp.
260 _aMéxico :
_bFondo de Cultura Económica,
_c1970.
300 _a262 p. ;
_c22 cm.
852 _aES-MaACL
_jC-56600
_bR.89370
999 _c117174
_d117174